000 00678nam a22001937a 4500
005 20100521151443.0
010 _aENG-96128
020 _a9788128823565
_c95.00
035 _aEN-79661
037 _bDBAD/PUB
082 _a158.1
100 _aJogi, Sunil
_942669
245 _aTips for success /
_cby Sunil Jogi
260 _aNew Delhi
_bDiamond Pocket Books
_c2009
270 _ax-30, Okhla Industrial Area, Phase-II
_bNew Delhi
_e110020
300 _a223p,
_c22 cm (pbk)
942 _2ddc
_cEN
_mJOG
_h158.1
999 _c36279
_d36279